| 000 | 00442cam a2200169ua 4500 | ||
|---|---|---|---|
| 020 | _c0.60 | ||
| 041 |
_amal _h |
||
| 082 |
_a894.812308 _bNAN/KR |
||
| 100 | _aNanukuttan, Kavanalayam . | ||
| 245 |
_aKrooshikapettaval / _cKavanalayam Nanukuttan. _hTextual Documents |
||
| 260 |
_aThuravoor : _bSree Narasimha Vilasam Book Depot , _c1962. |
||
| 300 | _a56 ; . | ||
| 365 | _a0.60 | ||
| 504 | _a | ||
| 942 | _cBK | ||
| 999 |
_c3625 _d3625 |
||